00746nam a2200193 a 450000100100000000500170001000800410002702000150006804000250008310000360010824501130014426000510025730000210030850000200032970000380034970000430038795201050043099900170053500004440520201002045341.0140627s2000 mx a 001 0 spa d a9701026810 aDO-SdBNPbspacBNPHU1 aValencia Flores, Matilde97241510aTrastornos del dormir /cMatilde Valencia Flores, Rafael J. Salín Pascual, José Rogelio Pérez Padilla. aMéxico :bMcgraw-Hill Interamericana,c2000. a389 p. ;c27 cm. aIncluye ídice12aSalín Pascual, Rafael J.97241612aPérez Padilla, José Rogelio972417 001050718MOaGRbGRcCTd2014-06-27iLF1l0o p44405-10r2020-06-25w2020-06-25y1ZNo se presta c43894d43894